000 00426pam a2200157a 44500
008 230515b2008 xxu||||| |||| 00| 0 eng d
020 _a81-8448-184-5
041 _aENGLISH
082 _a610.73
100 _aDOENGES MOORHOUES.
245 _aAPPLICATION OF NURSING PROCESS & NURSING DIAGNOSIS.
250 _a4TH ED
260 _aNULL
_bJAYPEE BROTHERS.
_c2008
300 _aXXI,320,PB.
650 _aNURSING ADMINISTRATION.
999 _c504074
_d504074